Statistics for Michigan State Football Bowl History

Click here to take the quiz!

General Stats

  • This quiz has been taken 64 times
    (7 since last reset)
  • The average score is 19 of 29

Answer Stats

Date Bowl Game Score Answer % Correct
1/1/2000Florida Citrus BowlW 37-34Florida
100%
12/31/2018Redbox BowlL 7-6Oregon
100%
1/1/1989Gator BowlL 34-27Georgia
100%
12/25/1997Aloha BowlL 51-23Washington
100%
1/1/1988Rose BowlW 20-17USC
83%
12/31/2014Cotton Bowl ClassicW 42-41Baylor
83%
1/1/2011Capital One BowlL 49-7Alabama
83%
12/29/2003Alamo BowlL 17-3Nebraska
67%
12/28/2017Holiday BowlW 42-17Washington State
67%
12/31/1996Sun BowlL 38-0Stanford
67%
1/1/1954Rose BowlW 28-20UCLA
67%
1/2/2010Alamo BowlL 41-31Texas Tech
67%
12/29/2012Buffalo Wild Wings BowlW 17-16TCU
50%
1/1/1938Orange BowlL 6-0Auburn
50%
12/29/1995Independence BowlL 45-26LSU
50%
12/28/1993Liberty BowlL 18-7Louisville
50%
12/31/1985All-American BowlL 17-14Georgia Tech
50%
12/25/1989Aloha BowlW 33-13Hawaii
33%
12/27/2019Pinstripe BowlW 27-21Wake Forest
33%
12/28/2007Champs Sports BowlL 24-21Boston College
17%
12/31/2001Silicon Valley ClassicW 44-35Fresno State
17%
12/22/1984Cherry BowlL 10-6Army
17%

Score Distribution

Percentile by Number Answered

Percent of People with Each Score

Your Score History

You have not taken this quiz since the last reset